[Event "Challenge"]
[Site "http://www.queenalice.com/game.php?id=1351417"]
[Date "2015.4.3"]
[Round "-"]
[White "pj"]
[Black "F_M"]
[Result "0-1"]
[WhiteElo "1507"]
[BlackElo "1711"]

1. e4 e5 2. g4 d5 3. exd5 Qxd5 4. f3 Nc6 5. Nc3 Qd6 6. Ne4 Qd5 7. c4 Qd8 8. a3
Nd4 9. b4 Nf6 10. b5 b6 11. h4 Bb7 12. Bg2 Be7 13. g5 Nxe4 14. fxe4 h6 15. d3
hxg5 16. Nf3 Nxf3+ 17. Bxf3 gxh4 18. Ra2 g6 19. Rd2 Bc5 20. Bb2 Bd4 21. a4 Qd6
22. Qa1 O-O-O 23. Qa2 Qb4 24. Kd1 Bxb2 25. Rxb2 Rxd3+ 26. Kc1 Qc3+ 27. Kb1 Rxf3
28. Rc1 Bxe4+ 29. Rbc2 Bxc2+ 30. Rxc2 Rf1+ 31. Rc1 Qxc1# 0-1

[Event "Challenge"]
[Site "http://www.queenalice.com/game.php?id=1354144"]
[Date "2015.4.18"]
[Round "-"]
[White "TheKink"]
[Black "F_M"]
[Result "1-0"]
[WhiteElo "2153"]
[BlackElo "1701"]

1. Nf3 d5 2. d3 Nf6 3. g3 Nc6 4. Bg2 e5 5. Bg5 Be6 6. Nbd2 h6 7. Bxf6 Qxf6 8.
Rb1 Bd6 9. a3 Qg6 10. b4 a6 11. O-O f5 12. c4 e4 13. Nh4 Qg4 14. cxd5 Bxd5 15.
h3 Qh5 16. dxe4 fxe4 17. Nxe4 O-O-O 18. Qc2 Rhe8 19. e3 Qe5 20. f4 Bxe4 21. fxe5
Bxc2 22. Rbc1 Bd3 23. Rfd1 Nxe5 24. e4 Bb5 25. Nf5 Rd7 26. Nxd6+ Rxd6 27. Rxd6
Nd3 28. Rc3 Rd8 29. Rxd8+ Kxd8 30. Bf1 Ne5 31. Bxb5 axb5 32. Rc5 Nf3+ 33. Kf2
Ng5 34. Rxg5 hxg5 35. Kf3 1-0

[Event "Challenge"]
[Site "http://www.queenalice.com/game.php?id=1354145"]
[Date "2015.4.18"]
[Round "-"]
[White "F_M"]
[Black "TheKink"]
[Result "0-1"]
[WhiteElo "1694"]
[BlackElo "2110"]

1. d4 Nf6 2. Nf3 d6 3. e3 g6 4. Bc4 Bg7 5. Nc3 Bg4 6. h3 Bxf3 7. Qxf3 c6 8. e4
O-O 9. a3 Nbd7 10. Ba2 c5 11. Be3 a6 12. dxc5 Nxc5 13. O-O-O Qc7 14. Nd5 Nxd5
15. Bxc5 Qxc5 16. Rxd5 Qb6 17. Bb3 Bd4 18. Rxd4 Qxd4 19. Rd1 Qb6 20. g4 Rac8 21.
Rd2 e6 22. h4 Rc5 23. Qe3 Rfc8 24. f4 Rxc2+ 0-1

[Event "Challenge"]
[Site "http://www.queenalice.com/game.php?id=1356559"]
[Date "2015.4.30"]
[Round "-"]
[White "F_M"]
[Black "pj"]
[Result "1-0"]
[WhiteElo "1793"]
[BlackElo "1456"]

1. c4 e5 2. d4 exd4 3. Qxd4 c5 4. Qe5+ Qe7 5. Qxe7+ Bxe7 6. e4 h5 7. Nc3 g5 8.
Nd5 Rh6 9. Nxe7 Nxe7 10. Bxg5 Re6 11. Bd3 f5 12. f3 Nbc6 13. a3 Ng6 14. Ne2 Nge5
15. Kd2 Na5 16. Rae1 Rd6 17. Nf4 Nb3+ 18. Kc3 Nd4 19. Nd5 Rc6 20. exf5 d6 21.
Nf6+ Kf7 22. Nxh5 Bxf5 23. Bxf5 Nxf5 24. Bf4 Re8 25. Re4 Kg6 26. Ng3 a6 27. a4
Ng7 28. Rhe1 Rcc8 29. Bxe5 dxe5 30. Rxe5 b6 31. f4 Rcd8 32. h4 Rxe5 33. Rxe5 Rh8
34. Rg5+ Kf7 35. h5 Rh6 36. Nf5 Nxf5 37. Rxf5+ Ke6 38. g4 Rh8 39. Re5+ Kd6 40.
Kd3 Rg8 41. g5 Rf8 42. Ke4 Rg8 43. h6 Rh8 44. Rd5+ Kc6 45. f5 b5 46. b3 bxc4 47.
bxc4 Re8+ 48. Re5 Rb8 49. Re6+ Kd7 50. Rxa6 Rb4 51. Kd3 Rb3+ 52. Ke4 Kc7 53. h7
Rb4 54. Kd5 Kb7 55. Rc6 Rxa4 56. h8=Q Ra8 57. Qg7+ Kb8 58. Qc7# 1-0

[Event "Challenge"]
[Site "http://www.queenalice.com/game.php?id=1356560"]
[Date "2015.4.30"]
[Round "-"]
[White "pj"]
[Black "F_M"]
[Result "0-1"]
[WhiteElo "1434"]
[BlackElo "1803"]

1. e4 e5 2. g4 Nf6 3. f3 d5 4. exd5 Qxd5 5. c4 Qc6 6. a3 Nxg4 7. Nh3 Nf6 8. Nf2
Be6 9. b3 a6 10. Ra2 Bc5 11. Qe2 O-O 12. Nd3 Nbd7 13. Bg2 Qd6 14. Rc2 c6 15. b4
Bf5 16. Rc3 Bd4 17. c5 Qd5 18. f4 Be4 19. Bxe4 Nxe4 20. Rc2 Nxd2 21. Nxd2 Qxh1+
22. Nf1 exf4 23. Kd1 f3 24. Qe1 Rae8 25. Ne3 Qxe1+ 26. Nxe1 Bxe3 27. Nxf3 Bxc1
28. Kxc1 Re3 29. Nd2 Rxa3 30. Kb2 Rd3 31. Nb3 Rd8 32. Na5 Rb8 33. Nb3 Ne5 34.
Nc1 Rh3 35. Nb3 Nd3+ 36. Ka3 f5 37. Ka4 f4 38. Ka5 Ne5 39. Re2 Nc4+ 40. Ka4 f3
41. Rf2 Rf8 42. Nd4 g5 43. Kb3 Ne5 44. Ne6 Nd3 45. Rf1 Rf5 46. Kc3 f2 47. Nd8 g4
48. Nxb7 Nxc5+ 49. Kc4 Nxb7 50. Kd4 Nd6 51. b5 Nxb5+ 52. Ke4 Rff3 53. Ke5 Rxh2
54. Ke4 Rg2 55. Rd1 f1=Q 56. Rxf1 Rxf1 57. Kd3 Rf3+ 58. Kc4 Rc2+ 59. Kb4 c5+ 60.
Ka5 Rf6 61. Ka4 Rc3 62. Ka5 Ra3# 0-1

[Event "OS INCLIVEIS"]
[Site "http://www.queenalice.com/game.php?id=1357265"]
[Date "2015.5.3"]
[Round "-"]
[White "adelio"]
[Black "F_M"]
[Result "0-1"]
[WhiteElo "1888"]
[BlackElo "1691"]

1. d4 d5 2. e4 dxe4 3. Nc3 Nf6 4. f3 exf3 5. Nxf3 Bf5 6. Ng5 e6 7. Nxf7 Kxf7 8.
Bg5 Bg6 9. g4 h6 10. Bh4 Be7 11. Qf3 Nc6 12. Rd1 Nxd4 13. Rxd4 Qxd4 14. Bf2 Qxg4
15. Qxg4 Nxg4 16. Bd3 Bxd3 17. cxd3 Nxf2 18. Kxf2 Bf6 19. Nd1 Rad8 20. Ke2 Rd6
21. Rf1 Rhd8 22. Rf3 Kg8 23. Nf2 Bxb2 24. h4 c5 25. Ne4 Rd5 26. Rg3 b5 27. Rg6
Rxd3 28. Rxe6 c4 29. Rg6 Kh7 30. Re6 c3 31. Re7 c2 32. Nf2 Rd2+ 33. Ke3 c1=Q 34.
Ne4 Qg1+ 35. Kf4 Rf8+ 36. Nf6+ Rxf6+ 37. Ke4 Qd4# 0-1

[Event "Challenge"]
[Site "http://www.queenalice.com/game.php?id=1357456"]
[Date "2015.5.5"]
[Round "-"]
[White "Magogue"]
[Black "F_M"]
[Result "0-1"]
[WhiteElo "1830"]
[BlackElo "1705"]

1. e4 d5 2. exd5 Qxd5 3. d4 Nc6 4. Ne2 Bf5 5. Nbc3 Qd7 6. a3 e6 7. d5 exd5 8.
Qxd5 Bxc2 9. Qxd7+ Kxd7 10. Bf4 Nf6 11. Rc1 Bb3 12. Nb5 Bd6 13. Nxd6 cxd6 14.
Nc3 Rhe8+ 15. Kd2 a6 16. Bd3 h6 17. Rhe1 Be6 18. Kc2 Rad8 19. Ne4 Ke7 20. Kb1
Nxe4 21. Bxe4 d5 22. Bf3 Kf8 23. Rcd1 Ne7 24. Bc7 Rd7 25. Bb6 Ng6 26. Bc5+ Kg8
27. Bxd5 Rc8 28. Bxe6 Rxd1+ 29. Rxd1 fxe6 30. Be3 Rc6 31. Rd8+ Kh7 32. Rd7 b5
33. f4 Nh4 34. g3 Nf5 0-1

[Event "Challenge"]
[Site "http://www.queenalice.com/game.php?id=1357457"]
[Date "2015.5.5"]
[Round "-"]
[White "F_M"]
[Black "Magogue"]
[Result "0-1"]
[WhiteElo "1715"]
[BlackElo "1867"]

1. e4 e5 2. Bb5 Nf6 3. d3 c6 4. Bc4 a5 5. a3 d5 6. exd5 cxd5 7. Ba2 Bc5 8. Bg5
Bxf2+ 9. Ke2 Bxg1 10. Qxg1 Bg4+ 11. Ke1 O-O 12. Nd2 d4 13. Qf2 Nbd7 14. Ne4 Nxe4
15. dxe4 Qxg5 16. Rf1 Qg6 17. h3 Qxe4+ 18. Kd2 Qe3+ 19. Qxe3 dxe3+ 20. Kxe3 Bh5
21. g4 Bg6 22. Rf2 Kh8 23. c3 f6 24. Rg1 Bf7 25. Bb1 Rfd8 26. h4 g6 27. b4 axb4
28. cxb4 Rxa3+ 0-1

[Event "Vamos jogar 3?"]
[Site "http://www.queenalice.com/game.php?id=1359459"]
[Date "2015.5.14"]
[Round "-"]
[White "frankcasadio"]
[Black "F_M"]
[Result "0-1"]
[WhiteElo "1988"]
[BlackElo "1744"]

1. e4 e5 2. Nf3 Nc6 3. Bc4 Nf6 4. Ng5 d5 5. exd5 Nxd5 6. Nxf7 Kxf7 7. Qf3+ Ke6
8. Nc3 Ne7 9. O-O c6 10. Re1 Ng6 11. d4 Qd6 12. Bxd5+ cxd5 13. dxe5 Qc6 14. Ne2
Bc5 15. Nf4+ Nxf4 16. Qg4+ Kf7 17. Qxf4+ Ke8 18. Be3 Rf8 19. Qg5 Bxe3 20. Rxe3
Qxc2 21. Rf3 Rxf3 22. gxf3 Kf7 23. Rc1 Qg6 24. Qxg6+ Kxg6 25. Rc7 Bh3 26. f4 b6
27. f3 d4 28. Kf2 Bf5 29. Rc6+ Kf7 30. a4 Rd8 31. Ke2 h5 32. b4 d3+ 33. Kd2 Ke7
34. Rc7+ Rd7 35. Rc6 g6 36. a5 bxa5 37. bxa5 Kf7 38. a6 Re7 39. Rc3 Ke8 40. Rb3
Rc7 41. Rb8+ Kd7 42. Ra8 Kc6 43. Rb8 Kc5 44. Ke3 Rc6 45. Kd2 Rxa6 46. Rb2 Ra4
47. e6 Bxe6 48. Kxd3 Rxf4 49. Ke3 Ra4 50. Rc2+ Kb6 51. Rd2 Bf5 52. Rb2+ Kc6 53.
Rb3 a5 54. Rc3+ Kd5 55. Rb3 Kc4 56. Rb7 Ra3+ 57. Kf4 a4 58. Ra7 Ra1 59. h4 Kb3
60. Rb7+ Ka2 61. Ra7 a3 62. Ke3 Rb1 63. Kd2 Rb3 64. Rc7 Kb2 65. f4 a2 66. Ra7
a1=Q 67. Rxa1 Kxa1 68. Ke2 Rh3 69. Kf2 Rxh4 70. Kf3 Rg4 71. Kf2 h4 72. Kf3 h3
73. Kf2 h2 74. Kf3 h1=Q+ 75. Kf2 Qh3 76. Ke1 Rg2 0-1

[Event "AUTO-OPEN-3495"]
[Site "http://www.queenalice.com/game.php?id=1364149"]
[Date "2015.6.8"]
[Round "1"]
[White "Scharlatan"]
[Black "F_M"]
[Result "1-0"]
[WhiteElo "1981"]
[BlackElo "1751"]

1. Nf3 d5 2. d4 Nf6 3. c4 c6 4. Qc2 g6 5. Bf4 Bf5 6. Qb3 b6 7. Nc3 Bg7 8. e3 Ne4
9. Nd2 Nxc3 10. bxc3 O-O 11. Be2 Re8 12. O-O Be6 13. cxd5 cxd5 14. a4 Nd7 15. a5
bxa5 16. Qa3 Nf6 17. Qxa5 Qxa5 18. Rxa5 Ne4 19. Nxe4 dxe4 20. Rfa1 Rec8 21. Rxa7
Rxa7 22. Rxa7 Bf6 23. Ra3 Bd5 24. Kf1 e6 25. Ke1 g5 26. Bg3 Be7 27. Ra7 Bf8 28.
Bc7 f6 29. c4 Bc6 30. c5 Ra8 31. Rxa8 Bxa8 32. Kd2 e5 33. Kc3 exd4+ 34. exd4 Bd5
35. Bc4 Bxc4 36. Kxc4 Kf7 37. d5 f5 38. c6 f4 39. d6 1-0

[Event "AUTO-OPEN-3495"]
[Site "http://www.queenalice.com/game.php?id=1364150"]
[Date "2015.6.8"]
[Round "1"]
[White "F_M"]
[Black "Scharlatan"]
[Result "1/2-1/2"]
[WhiteElo "1719"]
[BlackElo "1966"]

1. d4 d5 2. Nc3 Bf5 3. g3 e6 4. Bg2 Nf6 5. Bg5 Be7 6. e3 O-O 7. Nf3 Ne4 8. Bxe7
Qxe7 9. a3 c5 10. Nd2 Nxc3 11. bxc3 Nc6 12. e4 dxe4 13. Nxe4 cxd4 14. cxd4 Rad8
15. c3 Ne5 16. O-O Nc4 17. a4 b6 18. Ra2 Qd7 19. Qh5 Bg6 20. Qe2 Rc8 21. Nd2 Na5
22. Qe3 Qc7 23. Rc1 Nc4 24. Nxc4 Qxc4 25. Ra3 Rfd8 26. Bf1 Qd5 27. Bg2 1/2-1/2

[Event "AUTO-OPEN-3495"]
[Site "http://www.queenalice.com/game.php?id=1364171"]
[Date "2015.6.8"]
[Round "1"]
[White "Rafale2000"]
[Black "F_M"]
[Result "0-1"]
[WhiteElo "2030"]
[BlackElo "1723"]

1. d4 d5 2. Nf3 Nf6 3. c4 c6 4. Nc3 dxc4 5. e4 b5 6. e5 Nd5 7. Nxd5 cxd5 8. Bf4
Bf5 9. b4 e6 10. a4 Bxb4+ 11. Nd2 Bc3 12. axb5 Bxa1 13. Qxa1 Qb6 14. Qb2 Nc6 15.
Be2 Rb8 16. Be3 Qxb5 17. Qa2 O-O 18. O-O Qb2 19. Qxb2 Rxb2 20. g4 Bg6 21. f4
Nxd4 22. Bd1 Bd3 23. Re1 a5 24. Nxc4 Ne2+ 25. Bxe2 Rxe2 26. Rxe2 Bxe2 27. Nxa5
Bxg4 28. Nc6 Ra8 29. Kg2 h5 30. Nd4 h4 31. h3 Ra2+ 32. Bf2 Bh5 33. Nf3 Bxf3+ 34.
Kxf3 Ra3+ 35. Kg4 f5+ 36. Kxh4 g6 37. Bg3 Kf7 38. Bf2 Rd3 39. Bg3 Rf3 40. Bh2 d4
41. Bg3 d3 42. Be1 Rxf4+ 43. Kg5 Re4 44. Bc3 Re2 45. Kf4 d2 0-1

[Event "AUTO-OPEN-3495"]
[Site "http://www.queenalice.com/game.php?id=1364172"]
[Date "2015.6.8"]
[Round "1"]
[White "F_M"]
[Black "Rafale2000"]
[Result "0-1"]
[WhiteElo "1722"]
[BlackElo "2052"]

1. d4 Nf6 2. Nc3 e6 3. e4 Bb4 4. e5 Nd5 5. Ne2 b6 6. Bd2 d6 7. Nxd5 exd5 8. Bxb4
dxe5 9. dxe5 c5 10. Bd2 Qe7 11. Bf4 d4 12. c3 dxc3 13. Nxc3 O-O 14. g3 Nc6 15.
Bg2 Bb7 16. Qd6 Rfe8 17. O-O Rad8 18. Qxe7 Rxe7 19. Bg5 f6 20. exf6 Rf7 21. fxg7
Rd6 22. Bd5 Rxd5 23. Nxd5 Rxg7 24. Be3 Ne5 25. Nf4 Nf3+ 26. Kg2 Ne1+ 27. Kg1
Nf3+ 28. Kg2 Ne1+ 29. Kh3 Bc8+ 30. Kh4 Nf3+ 31. Kh5 Bg4+ 32. Kh6 Ne5 33. h4 Nf7#
0-1

[Event "AUTO-OPEN-3495"]
[Site "http://www.queenalice.com/game.php?id=1364185"]
[Date "2015.6.8"]
[Round "1"]
[White "F_M"]
[Black "phystutordotcom"]
[Result "0-1"]
[WhiteElo "1726"]
[BlackElo "2329"]

1. d4 e6 2. e4 d5 3. Nc3 Nf6 4. e5 Nfd7 5. Nf3 c5 6. b3 Nc6 7. Bg5 Qa5 8. Qd2
cxd4 9. Nxd4 Bb4 10. Qf4 Bxc3+ 11. Kd1 Bxd4 0-1

[Event "AUTO-OPEN-3495"]
[Site "http://www.queenalice.com/game.php?id=1364186"]
[Date "2015.6.8"]
[Round "1"]
[White "phystutordotcom"]
[Black "F_M"]
[Result "1-0"]
[WhiteElo "2334"]
[BlackElo "1724"]

1. d4 d5 2. c4 c6 3. e3 Bf5 4. Nf3 e6 5. Nc3 Nf6 6. Be2 Bd6 7. Nh4 Ne4 8. Nxf5
exf5 9. cxd5 Nxc3 10. bxc3 cxd5 11. Qb3 Qc7 12. Rb1 b6 13. Qxd5 Nc6 14. Qxf5 Ne7
15. Qd3 Nd5 16. Qe4+ 1-0

[Event "AUTO-INT-2966"]
[Site "http://www.queenalice.com/game.php?id=1366651"]
[Date "2015.6.20"]
[Round "2"]
[White "rfdc"]
[Black "F_M"]
[Result "0-1"]
[WhiteElo "1841"]
[BlackElo "1796"]

1. d4 d5 2. e3 Nf6 3. Nf3 e6 4. c4 c6 5. Nbd2 Nbd7 6. c5 Qe7 7. b4 e5 8. Nb3 g6
9. a4 b6 10. Bb2 e4 11. Nfd2 a5 12. b5 bxc5 13. Nxc5 Nxc5 14. Ba3 Qa7 15. bxc6
Nd3+ 16. Bxd3 exd3 17. Nf3 Bxa3 18. Rxa3 Bf5 19. O-O Qc7 20. Ne5 O-O 21. Rb3
Rab8 22. Rb5 Rb6 23. Qb3 Rfb8 24. h3 Rxb5 25. axb5 Ne8 26. Qxd5 Nd6 27. Rb1 Be4
28. Qc5 f6 29. b6 Rxb6 30. Rxb6 fxe5 31. Rb2 Qxc6 32. Kf1 Bxg2+ 33. Ke1 Qxc5 34.
dxc5 Nc4 35. Rb8+ Kf7 36. Rc8 Bf3 37. c6 d2+ 38. Kf1 d1=Q# 0-1

[Event "AUTO-INT-2966"]
[Site "http://www.queenalice.com/game.php?id=1366652"]
[Date "2015.6.20"]
[Round "2"]
[White "F_M"]
[Black "rfdc"]
[Result "0-1"]
[WhiteElo "1794"]
[BlackElo "1887"]

1. e4 d6 2. d4 g6 3. Bb5+ c6 4. Ba4 Bg7 5. Nf3 Nf6 6. Nc3 b5 7. Bb3 O-O 8. a3 a5
9. Qd3 Nbd7 10. e5 dxe5 11. dxe5 Ne8 12. e6 fxe6 13. Bxe6+ Kh8 14. Ng5 Qc7 15.
Nf7+ Kg8 16. Ne5+ Kh8 17. Nxd7 Bxd7 18. Qxd7 Qe5+ 19. Ne2 Nd6 20. Bh3 Ne4 21.
O-O Nxf2 22. Rxf2 Qc5 23. Bf4 g5 24. Bg3 Bxb2 25. Rf1 Rxf2 26. Bxf2 Qxc2 27.
Qxe7 Qd3 28. Rd1 Qxd1+ 0-1

[Event "AUTO-INT-2966"]
[Site "http://www.queenalice.com/game.php?id=1366655"]
[Date "2015.6.20"]
[Round "2"]
[White "JRic"]
[Black "F_M"]
[Result "0-1"]
[WhiteElo "1640"]
[BlackElo "1814"]

1. e4 e5 2. Nf3 d6 3. Nc3 Be6 4. d3 Be7 5. d4 exd4 6. Nxd4 Nf6 7. Bg5 a6 8. Bd3
Qd7 9. Qd2 Nc6 10. Bxf6 Bxf6 11. Nxc6 Qxc6 12. g3 O-O-O 13. a4 Bc4 14. b3 Bxd3
15. O-O-O Bxe4 16. Nxe4 Qxe4 17. Rhe1 Qg2 18. h4 h6 19. Qd3 Qc6 20. Re2 Rhe8 21.
Rxe8 Rxe8 22. Qd2 g5 23. Kb1 Qc3 24. Qxc3 Bxc3 25. Ka2 Re2 26. hxg5 Rxc2+ 27.
Kb1 Rb2+ 28. Kc1 hxg5 29. Rd3 Be5 30. Rf3 f6 31. g4 b5 32. axb5 axb5 33. Kd1 c5
34. Rh3 Kc7 35. Rh7+ Kc6 36. Ke1 Rxb3 37. Kf1 c4 38. Rh8 Kd5 39. Rc8 Rb2 0-1

[Event "AUTO-INT-2966"]
[Site "http://www.queenalice.com/game.php?id=1366656"]
[Date "2015.6.20"]
[Round "2"]
[White "F_M"]
[Black "JRic"]
[Result "1-0"]
[WhiteElo "1782"]
[BlackElo "1651"]

1. e4 e5 2. Nf3 Nc6 3. Nc3 Nf6 4. Bc4 d6 5. h3 Nd4 6. Ng5 h6 7. Nxf7 Qe7 8. Nxh8
Be6 9. Bxe6 Qxe6 10. Ng6 O-O-O 11. Nxf8 Rxf8 12. d3 Qf7 13. Be3 Nc6 14. Qf3 Nb4
15. Kd2 c6 16. Bxa7 Kc7 17. Qe3 Kd7 18. Qb6 c5 19. a3 Nc6 20. Qxb7+ Ke6 21. Qxc6
Qxa7 22. Nb5 Qa5+ 23. c3 Rd8 24. g3 Ne8 25. f4 Nf6 26. Nc7+ Kf7 27. fxe5 dxe5
28. Qe6+ Kg6 29. Qxe5 Kf7 30. Rhf1 Rd7 31. Qe8# 1-0

[Event "AUTO-INT-2966"]
[Site "http://www.queenalice.com/game.php?id=1366657"]
[Date "2015.6.20"]
[Round "2"]
[White "Ditto"]
[Black "F_M"]
[Result "1-0"]
[WhiteElo "1711"]
[BlackElo "1823"]

1. d4 d5 2. Nf3 Nf6 3. Bg5 e6 4. e3 Be7 5. c4 O-O 6. Bd3 Nbd7 7. O-O c5 8. Nc3
dxc4 9. Bxc4 b6 10. d5 exd5 11. Bb3 h6 12. Bf4 c4 13. Bc2 Bb7 14. Nb5 Nc5 15.
Nc3 Bd6 16. Be5 Bxe5 17. Nxe5 Qd6 18. Nf3 Rae8 19. Nd4 Ng4 20. Qxg4 Ne4 21. Nf5
Qf6 22. Rad1 Nxc3 23. bxc3 Rd8 24. Nd4 a6 25. Nf5 Bc8 26. Qf3 Qxc3 27. Bb1 Bxf5
28. Qxf5 g6 29. Qf4 Kg7 30. Rd4 Rd6 31. Qxd6 1-0

[Event "AUTO-INT-2966"]
[Site "http://www.queenalice.com/game.php?id=1366658"]
[Date "2015.6.20"]
[Round "2"]
[White "F_M"]
[Black "Ditto"]
[Result "1-0"]
[WhiteElo "1764"]
[BlackElo "1572"]

1. e4 e5 2. Nf3 Nc6 3. Nc3 Bb4 4. Nd5 Bc5 5. Bc4 Nf6 6. d3 d6 7. Ng5 Bg4 8.
Nxf6+ Qxf6 9. Nf3 O-O 10. h3 Bd7 11. Qe2 Qg6 12. O-O Bxh3 13. Ng5 Bd7 14. Be3
Bd4 15. c3 Bxe3 16. Qxe3 Kh8 17. f4 exf4 18. Qxf4 Ne5 19. Nxf7+ Nxf7 20. Bxf7
Rxf7 21. Qxf7 Qxf7 22. Rxf7 Be6 23. Rxc7 Rb8 24. a3 h6 25. Rf1 Kg8 26. c4 a6 27.
Re7 Bg4 28. Re1 b6 29. Kh2 a5 30. Kg3 Bh5 31. a4 Be8 32. Rf1 Bxa4 33. e5 dxe5
34. Rxe5 Ra8 35. Ra1 Bc2 36. d4 Rc8 37. c5 bxc5 38. Rxc5 Rxc5 39. dxc5 a4 40.
Re1 Kf8 41. c6 Bf5 42. c7 Kf7 43. Kf4 Bc8 44. Re4 Bd7 45. Rc4 Ke7 46. c8=Q Bxc8
47. Rxc8 Kd7 48. Ra8 a3 49. Rxa3 Ke6 50. b4 g5+ 51. Kg4 Kf6 52. Ra6+ Kg7 53. Kh5
1-0